000 00672nam a2200241Ia 4500
003 OSt
005 20220918222354.0
006 a|||||r|||| 00| 0
007 ta
008 220917b |||||||| |||| 00| 0 eng d
024 _a216,689
037 _cTextual
040 _aARTS
_cARTS
_beng
041 _2eng
_aeng
082 _aX729:8F.2, M7
100 _aSen Tapas Kumar
_9142990
245 0 _aInflation accounting and corporate taxation
260 _aNew Delhi
_bNational institute of public finance and policy
_c1987
300 _a115p
_ccm.
650 _aECONOMICS
942 _hX729:8F.2, M7
_cTEXL
_2CC
999 _c275359
_d275359